Statistics for Geo #12- 25 Africa Countries

Click here to take the quiz!

General Stats

  • This quiz has been taken 678 times
  • The average score is 18 of 25

Answers on the Map

Answers color-coded by a green-red scale on the quiz's map according to % correct below.
 

Answer Stats

Answer% Correct
Egypt
85%
Ethiopia
85%
Madagascar
85%
South Africa
85%
Chad
82%
Libya
82%
Togo
82%
Cameroon
79%
Morocco
79%
Algeria
77%
Cabo Verde
77%
Mozambique
77%
Republic of the Congo
77%
Somalia
72%
Tanzania
72%
Ghana
69%
Equatorial Guinea
67%
Mauritania
67%
Sierra Leone
67%
Uganda
67%
Liberia
64%
Gabon
62%
Gambia
62%
Senegal
62%
Benin
51%

Score Distribution

Percentile by Number Answered

Percent of People with Each Score

Your Score History

You have not taken this quiz